[Event "I Festival Spiaggia di Velluto A"]
[Site "Senigallia ITA"]
[Date "2010.07.25"]
[Round "1"]
[White "Calza, Gabriele"]
[Black "Spilli, Andrea"]
[Result "0-1"]
[WhiteElo "1992"]
[BlackElo "1757"]
[PlyCount "38"]
[EventDate "2010.07.26"]

1. Nf3 d5 2. c4 d4 3. g3 c5 4. Bg2 Nc6 5. O-O e5 6. d3 Bd6 7. e3 Nge7 8. exd4
exd4 9. Bg5 f6 10. Bc1 Bg4 11. Nbd2 Qd7 12. Re1 O-O-O 13. Ne4 g5 14. Qa4 h5 15.
Nxf6 Qf5 16. Nxg4 hxg4 17. Nxg5 Rxh2 18. Kxh2 Qxf2 19. Nf7 Bxg3+ 0-1

[Event "I Festival Spiaggia di Velluto A"]
[Site "Senigallia ITA"]
[Date "2010.07.25"]
[Round "1"]
[White "Cavezzana, Davide"]
[Black "Pescatore, Lorenzo"]
[Result "0-1"]
[WhiteElo "1746"]
[BlackElo "1980"]
[PlyCount "32"]
[EventDate "2010.07.26"]

1. e4 Nc6 2. d4 e5 3. Nf3 exd4 4. Nxd4 Bc5 5. Be3 Qf6 6. Nb5 Bxe3 7. fxe3 Qh4+
8. g3 Qd8 9. Qg4 g5 10. Qh5 d6 11. Bc4 Ne5 12. O-O Bg4 13. Bxf7+ Kd7 14. Be8+
Kc8 15. Qxg4+ Nxg4 16. Rf8 N4f6 0-1

[Event "I Festival Spiaggia di Velluto A"]
[Site "Senigallia ITA"]
[Date "2010.07.25"]
[Round "1"]
[White "Damia, Angelo"]
[Black "Marozzi, Giovanni"]
[Result "1/2-1/2"]
[WhiteElo "2281"]
[BlackElo "1928"]
[PlyCount "60"]
[EventDate "2010.07.26"]

1. e4 c6 2. d4 d5 3. Nc3 dxe4 4. Nxe4 Nd7 5. Nf3 Ngf6 6. Nxf6+ Nxf6 7. Bc4 Bf5
8. c3 e6 9. Bf4 Bd6 10. Bxd6 Qxd6 11. O-O O-O 12. Qe2 Bg4 13. Qe5 Rfd8 14. Qxd6
Rxd6 15. Ne5 Bf5 16. f3 Nd5 17. g4 Bg6 18. Bxd5 exd5 19. Rfe1 Kf8 20. Re2 f6
21. Nxg6+ hxg6 22. Rae1 Rd7 23. Kf2 Kf7 24. b4 Rh8 25. Kg3 Rc7 26. f4 Rd8 27.
f5 gxf5 28. gxf5 Rh8 29. Kg4 Rd7 30. Re6 Rc7 1/2-1/2

[Event "I Festival Spiaggia di Velluto A"]
[Site "Senigallia ITA"]
[Date "2010.07.25"]
[Round "1"]
[White "De Paoli, Emilio"]
[Black "Salmoiraghi, Angelo"]
[Result "1/2-1/2"]
[WhiteElo "1862"]
[BlackElo "2172"]
[PlyCount "84"]
[EventDate "2010.07.26"]

1. e4 c5 2. Nf3 d6 3. d4 cxd4 4. Nxd4 Nf6 5. Nc3 Nc6 6. Bg5 e6 7. Bxf6 Qxf6 8.
Ndb5 Qd8 9. a4 Be7 10. Be2 O-O 11. O-O a6 12. Na3 Qc7 13. Qd2 Rd8 14. Nc4 Na5
15. Ne3 b6 16. b4 Nb7 17. Ra3 d5 18. exd5 Bxb4 19. Rb3 Ba5 20. Ne4 exd5 21.
Nxd5 Qc4 22. Ndf6+ gxf6 23. Rg3+ Bg4 24. Qxd8+ Rxd8 25. Bxc4 Rd4 26. Be2 f5 27.
h3 Rxa4 28. hxg4 f4 29. Rd3 Nc5 30. Rd5 Bc3 31. Rfd1 Rb4 32. g5 Rxe4 33. Bh5
Re7 34. Rf5 a5 35. Rd6 Rb7 36. Bf3 Rb8 37. Bd5 Ne6 38. Rd7 Nd8 39. Bb3 b5 40.
Rc7 Bb2 41. c3 a4 42. Ba2 Bxc3 1/2-1/2

[Event "I Festival Spiaggia di Velluto A"]
[Site "Senigallia ITA"]
[Date "2010.07.26"]
[Round "1"]
[White "Faini, Ivano"]
[Black "Raselli, Claudio"]
[Result "0-1"]
[WhiteElo "1688"]
[BlackElo "1953"]
[PlyCount "115"]
[EventDate "2010.07.26"]

1. c4 c5 2. g3 Nc6 3. Bg2 g6 4. e4 Bg7 5. Ne2 e6 6. Nbc3 Nge7 7. O-O O-O 8. d3
d6 9. a3 a6 10. Rb1 Nd4 11. Nxd4 Bxd4 12. Ne2 Bg7 13. Nc3 Nc6 14. Ne2 Qc7 15.
Be3 b6 16. b4 Bd7 17. Qd2 Rab8 18. Rb3 Nd4 19. Nxd4 cxd4 20. Bh6 e5 21. Bxg7
Kxg7 22. f4 f5 23. fxe5 dxe5 24. exf5 Rxf5 25. Rxf5 Bxf5 26. Rb1 Rf8 27. Re1
Re8 28. Be4 Bxe4 29. Rxe4 Rf8 30. Qe2 Rf5 31. Kg2 h5 32. h3 Qc6 33. Kg1 Qf6 34.
Kg2 Qc6 35. a4 Qxa4 36. Rxe5 Qc6+ 37. Re4 Re5 38. Kh2 Rxe4 39. dxe4 Qe6 40. e5
a5 41. bxa5 bxa5 42. h4 a4 43. Qa2 Qxe5 44. Qxa4 Qe2+ 45. Kg1 d3 46. Qd7+ Kf6
47. Qd6+ Kf5 48. Qd7+ Ke4 49. Qd5+ Ke3 50. Qg5+ Kd4 51. Qf4+ Kc3 52. Qc1+ Qc2
53. Qf4 Qd1+ 54. Kh2 Qe2+ 55. Kg1 d2 56. Qf6+ Kc2 57. Qxg6+ Qd3 58. c5 0-1

[Event "I Festival Spiaggia di Velluto A"]
[Site "Senigallia ITA"]
[Date "2010.07.25"]
[Round "1"]
[White "Faini, Marco"]
[Black "Vezzosi, Paolo"]
[Result "0-1"]
[WhiteElo "1936"]
[BlackElo "2362"]
[PlyCount "78"]
[EventDate "2010.07.26"]

1. c4 e5 2. Nc3 Nf6 3. g3 Nc6 4. Bg2 g6 5. e4 Bg7 6. d3 d6 7. Nge2 O-O 8. O-O
Nh5 9. Be3 Nd4 10. f4 Bg4 11. Qd2 c6 12. Rab1 a5 13. Bxd4 exd4 14. Nd1 Bd7 15.
Nf2 f5 16. Rbe1 Qb6 17. Kh1 Rfe8 18. Ng1 Nf6 19. h3 Qb4 20. Qc2 Nh5 21. Kh2 g5
22. fxg5 Be5 23. Nh1 f4 24. Ne2 Rf8 25. gxf4 Nxf4 26. Nxf4 Bxf4+ 27. Kg1 Be3+
28. Kh2 Qc5 29. Bf3 Qe5+ 30. Ng3 Rf4 31. Bg2 Raf8 32. Kh1 Rf2 33. Ne2 Bxh3 34.
Rg1 Bxg2+ 35. Rxg2 Rxg2 36. Kxg2 Rf2+ 37. Kh3 Qh2+ 38. Kg4 Qg2+ 39. Kh5 Qh3#
0-1

[Event "I Festival Spiaggia di Velluto A"]
[Site "Senigallia ITA"]
[Date "2010.07.25"]
[Round "1"]
[White "Loccisano, Giuseppe"]
[Black "Bellincampi, Stefano"]
[Result "0-1"]
[WhiteElo "1828"]
[BlackElo "2047"]
[PlyCount "40"]
[EventDate "2010.07.26"]

1. e4 e5 2. Nf3 Nc6 3. d4 exd4 4. Bc4 Nf6 5. O-O Nxe4 6. Re1 d5 7. Bxd5 Qxd5 8.
Nc3 Qh5 9. Nxe4 Be6 10. Neg5 O-O-O 11. Nxe6 fxe6 12. Rxe6 Bd6 13. Bg5 Bxh2+ 14.
Nxh2 Qxg5 15. Qe2 d3 16. Qe3 Qxe3 17. Rxe3 dxc2 18. Ree1 Rhe8 19. Kf1 Rxe1+ 20.
Kxe1 Ne5 0-1

[Event "I Festival Spiaggia di Velluto A"]
[Site "Senigallia ITA"]
[Date "2010.07.26"]
[Round "1"]
[White "Marvin, Elio"]
[Black "Occhipinti, Giuseppe"]
[Result "0-1"]
[WhiteElo "1712"]
[BlackElo "1970"]
[PlyCount "90"]
[EventDate "2010.07.26"]

1. e4 e5 2. Nf3 Nc6 3. c4 Nf6 4. d3 Bb4+ 5. Nc3 d6 6. h3 a5 7. Be3 b6 8. Be2
O-O 9. O-O Re8 10. Rc1 Bc5 11. Nd5 Nd7 12. Re1 Nf8 13. Bf1 Ne6 14. a3 Bd7 15.
Qd2 Ncd4 16. Nxd4 Bxd4 17. g3 c6 18. Nc3 Qf6 19. Bg2 Qg6 20. Ne2 c5 21. Kh2
Rac8 22. Rg1 Qh5 23. Rcf1 Rf8 24. f4 Bxe3 25. Qxe3 Nd4 26. Nxd4 cxd4 27. Qf3
Qxf3 28. Rxf3 b5 29. b3 bxc4 30. bxc4 Rb8 31. fxe5 dxe5 32. Ra1 Rb3 33. Bf1 f5
34. exf5 Rxf5 35. Rxf5 Bxf5 36. Rd1 Rxa3 37. g4 Bg6 38. Bg2 Bxd3 39. Bd5+ Kf8
40. c5 Rc3 41. c6 Bb5 42. Rb1 Bxc6 43. Rb8+ Ke7 44. Bg8 d3 45. Bxh7 d2 0-1

[Event "I Festival Spiaggia di Velluto A"]
[Site "Senigallia ITA"]
[Date "2010.07.25"]
[Round "1"]
[White "Monducci, Mirko"]
[Black "Rizzi, Pietro"]
[Result "1-0"]
[WhiteElo "1948"]
[BlackElo "1595"]
[PlyCount "89"]
[EventDate "2010.07.26"]

1. d4 f5 2. Nf3 Nf6 3. c3 g6 4. Bg5 Bg7 5. Nbd2 d6 6. e3 c6 7. Bc4 d5 8. Bb3
Na6 9. Ne5 O-O 10. Ndf3 Nc7 11. h3 Ne4 12. Bf4 e6 13. Nd2 Bf6 14. Nxe4 fxe4 15.
Bg3 Ne8 16. Ng4 Bg7 17. Qe2 Nf6 18. Bh4 Qe8 19. Bxf6 Bxf6 20. Nxf6+ Rxf6 21.
O-O e5 22. f3 exf3 23. Rxf3 Rxf3 24. Qxf3 e4 25. Qf4 Be6 26. Rf1 Qe7 27. Qe5
Re8 28. Bc2 Bf7 29. Qf4 Be6 30. c4 Rf8 31. Qe5 Rxf1+ 32. Kxf1 Qf7+ 33. Kg1 a6
34. cxd5 cxd5 35. Bb3 h5 36. h4 Kh7 37. a3 Kg8 38. Kh2 Kh7 39. Kg3 Qf5 40. Qxf5
gxf5 41. Kf4 Kg6 42. Ke5 Bf7 43. g3 b5 44. Bxd5 Be8 45. Be6 1-0

[Event "I Festival Spiaggia di Velluto A"]
[Site "Senigallia ITA"]
[Date "2010.07.25"]
[Round "1"]
[White "Padovani, Alessio"]
[Black "Della Rocca, Giuseppe"]
[Result "1-0"]
[WhiteElo "1976"]
[BlackElo "1716"]
[PlyCount "70"]
[EventDate "2010.07.26"]

1. e4 c5 2. b4 cxb4 3. a3 Nf6 4. e5 Nd5 5. d4 Qc7 6. Nf3 e6 7. Be2 bxa3 8. O-O
a2 9. Rxa2 d6 10. Ba3 Nc6 11. c4 Nf4 12. Re1 dxe5 13. Bxf8 Kxf8 14. dxe5 Ke7
15. Bf1 Rd8 16. Qc1 Ng6 17. Qg5+ Kf8 18. Nc3 Qe7 19. Qg3 Qd7 20. h4 Kg8 21. h5
Nf8 22. Ne4 b6 23. Nf6+ Kh8 24. Nxd7 Nxd7 25. Re4 Bb7 26. Rg4 f5 27. exf6 Nxf6
28. Rh4 Nb4 29. Re2 Nd3 30. Ng5 Nc5 31. h6 gxh6 32. Rxh6 Nfe4 33. Nxe4 Bxe4 34.
Rxe4 Nxe4 35. Qe5+ Kg8 1-0

[Event "I Festival Spiaggia di Velluto A"]
[Site "Senigallia ITA"]
[Date "2010.07.25"]
[Round "1"]
[White "Rotoni, Matteo"]
[Black "Turazza, Andrea"]
[Result "0-1"]
[WhiteElo "2148"]
[BlackElo "1857"]
[PlyCount "81"]
[EventDate "2010.07.26"]

1. e4 c5 2. c3 d5 3. exd5 Qxd5 4. Na3 Nc6 5. Nf3 Bg4 6. Be2 e6 7. Nc2 Qd7 8.
O-O Nf6 9. Ne3 Bh5 10. Nc4 Qc7 11. Qa4 Nd7 12. d3 a6 13. Qc2 b5 14. Ncd2 Be7
15. Re1 Bg6 16. Ne4 O-O 17. Bf1 Rac8 18. g3 h6 19. a4 f5 20. Ned2 e5 21. axb5
axb5 22. Bg2 Kh8 23. Qb3 Rb8 24. Ra6 Bf7 25. Qd1 Bd5 26. Nf1 Bf7 27. N1d2 Na5
28. Nh4 Bxh4 29. gxh4 Rbd8 30. b4 cxb4 31. cxb4 Nb7 32. Bb2 Ra8 33. Qa1 Rxa6
34. Qxa6 Nd6 35. Nf3 e4 36. dxe4 fxe4 37. Nd4 Ne5 38. Nxb5 Nxb5 39. Rc1 Bc4 40.
Bxe5 Qxe5 41. Rxc4 0-1

[Event "I Festival Spiaggia di Velluto A"]
[Site "Senigallia ITA"]
[Date "2010.07.25"]
[Round "1"]
[White "Schiappoli, Dario"]
[Black "Cipollaro, Giovanni"]
[Result "1-0"]
[WhiteElo "1944"]
[BlackElo "1497"]
[PlyCount "39"]
[EventDate "2010.07.26"]

1. e4 c6 2. d4 d5 3. Nd2 dxe4 4. Nxe4 Bf5 5. Ng3 Bg6 6. h4 h6 7. Nh3 e6 8. Nf4
Bh7 9. Bc4 Nf6 10. c3 Nd5 11. Qe2 Nxf4 12. Bxf4 Bd6 13. Nh5 Bxf4 14. Nxf4 Qe7
15. O-O-O Nd7 16. Rhe1 Nb6 17. Bxe6 fxe6 18. Nxe6 Nc8 19. Nxg7+ Kf7 20. Qh5+
1-0

[Event "I Festival Spiaggia di Velluto A"]
[Site "Senigallia ITA"]
[Date "2010.07.26"]
[Round "2"]
[White "Adami, Antonio"]
[Black "Marsili, Riccardo"]
[Result "0-1"]
[WhiteElo "1698"]
[BlackElo "1914"]
[PlyCount "94"]
[EventDate "2010.07.26"]

1. e4 c5 2. Nc3 Nc6 3. g3 g6 4. Bg2 Bg7 5. d3 Nf6 6. Be3 d6 7. h3 O-O 8. Qd2
Bd7 9. Bh6 Rb8 10. Bxg7 Kxg7 11. Nge2 b5 12. O-O b4 13. Nd1 Qb6 14. Ne3 e6 15.
f4 Qc7 16. g4 h6 17. Rf2 Nd4 18. Ng3 a5 19. Raf1 Rbe8 20. f5 Bc6 21. c3 Nb5 22.
fxe6 fxe6 23. Nc2 d5 24. g5 Qxg3 25. gxh6+ Kh7 26. Rxf6 Rxf6 27. Rxf6 bxc3 28.
bxc3 dxe4 29. Rf7+ Kg8 30. Rg7+ Kh8 31. Kh1 Rf8 32. dxe4 Bxe4 33. Ne3 Bxg2+ 34.
Qxg2 Qxe3 35. Rxg6 Qf4 36. h7 Qf1+ 37. Kh2 Qxg2+ 38. Kxg2 Re8 39. c4 Nd6 40.
Rg4 Kxh7 41. Kf3 Kh6 42. Ke3 Rf8 43. Ke2 Rf5 44. a4 Re5+ 45. Kd3 Re1 46. Kc2
Re3 47. h4 Re5 0-1

[Event "I Festival Spiaggia di Velluto A"]
[Site "Senigallia ITA"]
[Date "2010.07.26"]
[Round "2"]
[White "Bellincampi, Stefano"]
[Black "Turazza, Andrea"]
[Result "1-0"]
[WhiteElo "2047"]
[BlackElo "1857"]
[PlyCount "65"]
[EventDate "2010.07.26"]

1. e4 c5 2. c3 d5 3. exd5 Qxd5 4. d4 Nc6 5. Nf3 Bg4 6. Be2 cxd4 7. cxd4 e6 8.
Nc3 Qd7 9. Be3 Nf6 10. O-O Rc8 11. h3 Bh5 12. Qb3 Be7 13. Rfd1 Nd5 14. Nxd5
exd5 15. Ne5 Nxe5 16. Bxh5 Nc4 17. Bf4 O-O 18. Bg4 f5 19. Bf3 Rf6 20. Be2 Rb6
21. Qg3 Rxb2 22. Bd3 Bd6 23. Bxc4 Bxf4 24. Bxd5+ Qxd5 25. Qxf4 Rcc2 26. Re1
Rxf2 27. Qb8+ Kf7 28. Qe8+ Kf6 29. Qe7+ Kg6 30. Re6+ Kh5 31. Qf7+ g6 32. Qxh7+
Kg5 33. Qxg6+ 1-0

[Event "I Festival Spiaggia di Velluto A"]
[Site "Senigallia ITA"]
[Date "2010.07.26"]
[Round "2"]
[White "Borgiani, Flavio"]
[Black "Monducci, Mirko"]
[Result "1-0"]
[WhiteElo "2194"]
[BlackElo "1948"]
[PlyCount "43"]
[EventDate "2010.07.26"]

1. d4 d5 2. Nf3 c6 3. c4 dxc4 4. e3 b5 5. a4 Bd7 6. Ne5 b4 7. Bxc4 e6 8. O-O
Nf6 9. f4 Bd6 10. f5 Bxe5 11. dxe5 Nd5 12. fxe6 Bxe6 13. e4 Qb6+ 14. Kh1 Nc3
15. Qd3 Nxb1 16. Bxe6 fxe6 17. Rxb1 Nd7 18. Bg5 h6 19. Qd6 hxg5 20. Qxe6+ Kd8
21. Rbd1 Qc7 22. Rf7 1-0

[Event "I Festival Spiaggia di Velluto A"]
[Site "Senigallia ITA"]
[Date "2010.07.26"]
[Round "2"]
[White "Burani, Eugenio"]
[Black "Gianfelici, Edoardo"]
[Result "0-1"]
[WhiteElo "1947"]
[BlackElo "2065"]
[PlyCount "131"]
[EventDate "2010.07.26"]

1. e4 c5 2. Nf3 d6 3. d4 cxd4 4. Nxd4 Nf6 5. Nc3 g6 6. Be2 Bg7 7. Be3 O-O 8.
O-O Nc6 9. f4 Qb6 10. Kh1 Nxe4 11. Nxc6 Qxc6 12. Nd5 Qd7 13. Bf3 Nf6 14. Bd4
Nxd5 15. Bxd5 e6 16. Bxg7 Kxg7 17. Qd4+ f6 18. Bb3 b6 19. Rae1 e5 20. fxe5 dxe5
21. Qb4 Ba6 22. Rd1 Qc7 23. Qa4 Bxf1 24. Rd7+ Qxd7 25. Qxd7+ Kh8 26. Kg1 Ba6
27. Qe7 Rae8 28. Qxa7 Bc8 29. Kf2 Be6 30. Qxb6 Bxb3 31. Qxb3 Kg7 32. a4 e4 33.
Ke3 f5 34. Qc3+ Kh6 35. g3 g5 36. Qc6+ Kh5 37. Qb5 Kg6 38. Qc6+ Kg7 39. Qd7+
Kg8 40. Qd5+ Rf7 41. Ke2 h6 42. Qc6 Ree7 43. Qg6+ Rg7 44. Qxh6 Kf7 45. Qh5+ Ke6
46. Qh6+ Ke5 47. Qc6 f4 48. Qc5+ Kf6 49. gxf4 gxf4 50. Qd6+ Kg5 51. Qc5+ Kg4
52. Qg1+ Kh3 53. Qf1+ Rg2+ 54. Ke1 f3 55. Qb5 Kxh2 56. Kf1 Rg3 57. Qh5+ Rh3 58.
Qg5 Rhh7 59. Qf4+ Kh3 60. Qf5+ Kh4 61. Qf4+ Kh3 62. Qf5+ Kh2 63. Qf4+ Kh1 64.
Qg4 Reg7 65. Qxe4 Rh3 66. Qd4 0-1

[Event "I Festival Spiaggia di Velluto A"]
[Site "Senigallia ITA"]
[Date "2010.07.26"]
[Round "2"]
[White "Calza, Gabriele"]
[Black "Maggiore, Francesco"]
[Result "1/2-1/2"]
[WhiteElo "1992"]
[BlackElo "1767"]
[PlyCount "140"]
[EventDate "2010.07.26"]

1. Nf3 d5 2. c4 e6 3. g3 Nf6 4. Bg2 Nc6 5. b3 Bb4 6. O-O dxc4 7. bxc4 O-O 8.
Bb2 Re8 9. d4 Ne7 10. Qa4 Nc6 11. Rd1 Bd7 12. Qb3 Qe7 13. Nbd2 Bxd2 14. Nxd2
Qb4 15. Qc2 Nxd4 16. Bxd4 Ba4 17. Nb3 a6 18. Qc3 Qxc3 19. Bxc3 Rab8 20. Be5
Rec8 21. Rd2 b6 22. Nd4 Ng4 23. Nf3 Nxe5 24. Nxe5 Rd8 25. Rxd8+ Rxd8 26. Bc6
Bxc6 27. Nxc6 Rd2 28. e3 Rc2 29. Nb4 Rxc4 30. Nxa6 Kf8 31. Kf1 Ke7 32. Rb1 Kd7
33. Nb4 c5 34. Nd3 Kc7 35. Rb2 Kb7 36. Ne5 Rc1+ 37. Ke2 f6 38. Nd3 Rc4 39. Kd2
e5 40. f3 Ka6 41. Nf2 f5 42. Nd1 b5 43. Nc3 b4 44. Ne2 g6 45. Rc2 Rxc2+ 46.
Kxc2 Kb5 47. f4 e4 48. Kb3 c4+ 49. Kb2 Ka4 50. h3 c3+ 51. Nxc3+ bxc3+ 52. Kxc3
Ka3 53. Kd4 Kxa2 54. g4 Kb3 55. gxf5 gxf5 56. Ke5 Kc4 57. Kxf5 Kd3 58. Kg4 Kxe3
59. f5 Kd3 60. f6 e3 61. f7 e2 62. f8=Q e1=Q 63. Qd6+ Ke2 64. Qe5+ Kf1 65.
Qxe1+ Kxe1 66. h4 Ke2 67. h5 Ke3 68. Kg5 Ke4 69. Kh6 Kf5 70. Kxh7 Kf6 1/2-1/2

[Event "I Festival Spiaggia di Velluto A"]
[Site "Senigallia ITA"]
[Date "2010.07.26"]
[Round "2"]
[White "Caruso, Augusto"]
[Black "Frontini, Fabio"]
[Result "0-1"]
[WhiteElo "2263"]
[BlackElo "1965"]
[PlyCount "119"]
[EventDate "2010.07.26"]

1. e4 c6 2. d4 d5 3. Nc3 dxe4 4. Nxe4 Nf6 5. Nxf6+ gxf6 6. Be2 Bf5 7. Nf3 e6 8.
O-O Bd6 9. c4 Qc7 10. d5 exd5 11. Nd4 Bxh2+ 12. Kh1 Be4 13. f3 Bg6 14. f4 Bg3
15. Qb3 Qb6 16. Qe3+ Be4 17. cxd5 cxd5 18. Bb5+ Nc6 19. Bd2 O-O-O 20. Rac1 Rd6
21. Bb4 Rg8 22. Bxd6 Bxg2+ 23. Kxg2 Bxf4+ 24. Kf3 Bxe3 25. Bc5 Qc7 26. Kxe3
Qe5+ 27. Kd2 Rg2+ 28. Ne2 Qxb2+ 29. Rc2 Qxb5 30. Bf2 Kd7 31. Kd1 Nb4 32. Rd2
Qa4+ 33. Kc1 Nxa2+ 34. Kb1 Qb3+ 35. Rb2 Nc3+ 36. Nxc3 Qxc3 37. Rd1 Qxb2+ 38.
Kxb2 Rxf2+ 39. Kc3 Kc6 40. Rh1 Rf4 41. Rxh7 f5 42. Rxf7 Rc4+ 43. Kb3 f4 44.
Rf6+ Kc5 45. Rf7 Rb4+ 46. Kc3 a5 47. Rf8 b6 48. Rf6 Rc4+ 49. Kb3 Re4 50. Kc3 a4
51. Rf8 Rc4+ 52. Kb2 b5 53. Rf6 b4 54. Rf8 Re4 55. Kc2 Kd4 56. Kd2 Kc4 57. Kc2
b3+ 58. Kb2 Re2+ 59. Kb1 a3 60. Rxf4+ 0-1

[Event "I Festival Spiaggia di Velluto A"]
[Site "Senigallia ITA"]
[Date "2010.07.26"]
[Round "2"]
[White "Cipollaro, Giovanni"]
[Black "Cesarano, Marco"]
[Result "0-1"]
[WhiteElo "1497"]
[BlackElo "1845"]
[PlyCount "61"]
[EventDate "2010.07.26"]

1. d4 d5 2. Nf3 Nf6 3. c4 c6 4. e3 e6 5. b3 Nbd7 6. Bb2 Bd6 7. Nbd2 b6 8. Bd3
Bb7 9. O-O O-O 10. Ne5 c5 11. Qc2 cxd4 12. exd4 Rc8 13. f4 Qc7 14. Bc3 Rfd8 15.
Rae1 Nf8 16. Re3 Ng6 17. Qd1 b5 18. c5 Bxc5 19. Bxg6 hxg6 20. dxc5 Qxc5 21. Qf3
Qb6 22. Bd4 Qxd4 23. Qf2 Rc2 24. Rd3 Qb2 25. Qxa7 Rxd2 26. Rxd2 Qxd2 27. Qxb7
Qe3+ 28. Kh1 Rf8 29. Qxb5 Ne4 30. Nd3 Qe2 31. Re1 0-1

[Event "I Festival Spiaggia di Velluto A"]
[Site "Senigallia ITA"]
[Date "2010.07.26"]
[Round "2"]
[White "Della Rocca, Giuseppe"]
[Black "Faini, Marco"]
[Result "1/2-1/2"]
[WhiteElo "1716"]
[BlackElo "1936"]
[PlyCount "60"]
[EventDate "2010.07.26"]

1. c4 Nf6 2. Nc3 g6 3. g3 Bg7 4. Bg2 c6 5. Nf3 d5 6. cxd5 cxd5 7. d4 Nbd7 8.
O-O O-O 9. Bd2 b6 10. Qb3 Bb7 11. Rac1 Rc8 12. a4 a6 13. Rfd1 e6 14. Bf4 Re8
15. Rc2 Bf8 16. Rdc1 Nh5 17. Bd2 Bd6 18. e4 dxe4 19. Ng5 Nhf6 20. Ngxe4 Nxe4
21. Nxe4 Be7 22. Rxc8 Bxc8 23. Bf4 Nf6 24. Nxf6+ Bxf6 25. Be5 Bxe5 26. dxe5 Bd7
27. Qc4 a5 28. b3 Qe7 29. Qd4 Rb8 30. Rc7 Rd8 1/2-1/2

[Event "I Festival Spiaggia di Velluto A"]
[Site "Senigallia ITA"]
[Date "2010.07.26"]
[Round "2"]
[White "Gorgoglione, Enrico"]
[Black "Vesce, Emanuele"]
[Result "1/2-1/2"]
[WhiteElo "1938"]
[BlackElo "1735"]
[PlyCount "38"]
[EventDate "2010.07.26"]

1. e4 c5 2. f4 Nc6 3. Nf3 e6 4. Be2 d5 5. exd5 exd5 6. O-O Bd6 7. d3 Nge7 8.
Qe1 Nf5 9. Nc3 Be7 10. a3 O-O 11. Qf2 b6 12. Bd2 Bf6 13. Kh1 Nce7 14. Rae1 d4
15. Ne4 Nd5 16. Bd1 Nde3 17. Rg1 Ng4 18. Qe2 Bh4 19. g3 Re8 1/2-1/2

[Event "I Festival Spiaggia di Velluto A"]
[Site "Senigallia ITA"]
[Date "2010.07.26"]
[Round "2"]
[White "Isonzo, David"]
[Black "Cavezzana, Davide"]
[Result "1-0"]
[WhiteElo "2357"]
[BlackElo "1746"]
[PlyCount "67"]
[EventDate "2010.07.26"]

1. e4 e5 2. Nf3 Nf6 3. Nxe5 d6 4. Nf3 Nxe4 5. Nc3 d5 6. Qe2 Be6 7. Nxe4 dxe4 8.
Qxe4 Nc6 9. Bb5 Qd5 10. Qxd5 Bxd5 11. O-O Bxf3 12. gxf3 Kd7 13. d4 a6 14. Ba4
b5 15. Bb3 f5 16. Re1 Re8 17. Rxe8 Kxe8 18. Bg5 Kd7 19. Re1 Nd8 20. c4 c6 21.
Bc2 g6 22. c5 h6 23. Bf6 Rh7 24. Bb3 Nf7 25. h4 h5 26. Re6 Nd8 27. Re3 Nf7 28.
Kf1 Nh6 29. Be6+ Kc7 30. Be5+ Kd8 31. Ra3 Ra7 32. b4 Be7 33. Bb8 Ra8 34. Bf4
1-0

[Event "I Festival Spiaggia di Velluto A"]
[Site "Senigallia ITA"]
[Date "2010.07.26"]
[Round "2"]
[White "Liverani, Matteo"]
[Black "Riano', Mirko Alessio"]
[Result "1/2-1/2"]
[WhiteElo "1842"]
[BlackElo "1521"]
[PlyCount "36"]
[EventDate "2010.07.26"]

1. b3 d5 2. Bb2 Nc6 3. e3 Nf6 4. Nf3 e6 5. d4 Bd6 6. c4 O-O 7. Be2 Re8 8. Nc3
dxc4 9. Bxc4 e5 10. d5 Ne7 11. e4 Ng6 12. g3 Bd7 13. Qc2 Rc8 14. O-O-O Bc5 15.
h3 Qe7 16. Kb1 Ba3 17. Ba1 Qb4 18. Qd2 a6 1/2-1/2

[Event "I Festival Spiaggia di Velluto A"]
[Site "Senigallia ITA"]
[Date "2010.07.26"]
[Round "2"]
[White "Marozzi, Giovanni"]
[Black "De Paoli, Emilio"]
[Result "0-1"]
[WhiteElo "1928"]
[BlackElo "1862"]
[PlyCount "132"]
[EventDate "2010.07.26"]

1. d4 Nf6 2. Bf4 g6 3. Nc3 d5 4. Qd2 c5 5. dxc5 Nc6 6. Nf3 Bg4 7. Ne5 Bf5 8.
Nxc6 bxc6 9. Be5 Bg7 10. Qd4 O-O 11. O-O-O Qa5 12. f3 Rfb8 13. Qa4 Qxc5 14. Qd4
Qa5 15. Qa4 Qb6 16. Kd2 Bh6+ 17. Ke1 Be3 18. Bd4 Bxd4 19. Qxd4 Bxc2 20. Qxb6
Rxb6 21. Rd2 Rxb2 22. Nd1 Rxa2 23. Kf2 Bb3 24. Rxa2 Bxa2 25. Nc3 Bb3 26. e3 a5
27. Bd3 Nd7 28. Ra1 Nc5 29. Bb1 Kg7 30. h4 a4 31. Ra3 Rb8 32. g4 Rb4 33. Kg3
Rc4 34. Ne2 Bd1 35. Nc3 Rb4 36. Ba2 Bc2 37. f4 Nd7 38. Ne2 Be4 39. Nc3 Nb6 40.
Nxe4 Rxe4 41. Kf2 Rb4 42. Ke2 Nc4 43. Bxc4 Rxc4 44. Kd3 c5 45. g5 f6 46. Ra1
Rb4 47. Rc1 Rb3+ 48. Ke2 c4 49. Rd1 Rb2+ 50. Kf3 e6 51. e4 Rb3+ 52. Ke2 Rd3 53.
Ra1 a3 54. exd5 exd5 55. Rb1 Rb3 56. Ra1 f5 57. Kd2 h6 58. Re1 hxg5 59. hxg5
Kf7 60. Rh1 d4 61. Rh7+ Ke6 62. Rg7 a2 63. Ra7 Rb2+ 64. Kc1 Rb1+ 65. Kc2 a1=Q
66. Ra5 Qb2# 0-1

[Event "I Festival Spiaggia di Velluto A"]
[Site "Senigallia ITA"]
[Date "2010.07.26"]
[Round "2"]
[White "Nagni, Marco"]
[Black "Faini, Ivano"]
[Result "0-1"]
[WhiteElo "1898"]
[BlackElo "1688"]
[PlyCount "108"]
[EventDate "2010.07.26"]

1. d4 e5 2. dxe5 Nc6 3. Nf3 Qe7 4. Bf4 Qb4+ 5. Nc3 Qxf4 6. Nd5 Qe4 7. Nxc7+ Kd8
8. Nxa8 Nxe5 9. Nxe5 Qxe5 10. c3 Qb8 11. Qd5 Nh6 12. O-O-O Qxa8 13. g4 f6 14.
Rd4 Qb8 15. g5 Ng8 16. Qf7 Ne7 17. gxf6 gxf6 18. Qxf6 Rg8 19. Bh3 Bg7 20. Qf4
Qxf4+ 21. Rxf4 Bh6 22. e3 Bxf4 23. exf4 d6 24. Bxc8 Kxc8 25. Kd2 Rf8 26. Rg1
Ng6 27. Ke3 Nxf4 28. Rg7 h5 29. c4 d5 30. cxd5 Nxd5+ 31. Ke2 a6 32. f3 Kb8 33.
Rg5 Nf4+ 34. Ke3 Ka7 35. Ke4 Kb6 36. Rf5 Rxf5 37. Kxf5 Nd3 38. Kg5 Nxb2 39. f4
Kc6 40. Kxh5 Kd6 41. Kg6 Nd3 42. f5 Ne5+ 43. Kg7 Ke7 44. h4 Nf7 45. f6+ Ke8 46.
Kg6 b5 47. Kf5 Kd7 48. h5 a5 49. Kg6 Ke8 50. Kf5 Kd7 51. h6 b4 52. Kg6 Ke6 53.
h7 a4 54. Kh5 b3 0-1

[Event "I Festival Spiaggia di Velluto A"]
[Site "Senigallia ITA"]
[Date "2010.07.26"]
[Round "2"]
[White "Occhipinti, Giuseppe"]
[Black "Piva, Giorgio"]
[Result "0-1"]
[WhiteElo "1970"]
[BlackElo "2195"]
[PlyCount "56"]
[EventDate "2010.07.26"]

1. e4 c5 2. Nf3 g6 3. d4 cxd4 4. Nxd4 Nf6 5. Nc3 Bg7 6. Be3 Nc6 7. Bc4 O-O 8.
Bb3 d6 9. f3 Bd7 10. Qd2 Rc8 11. O-O-O Ne5 12. h4 Nc4 13. Bxc4 Rxc4 14. h5 Qc7
15. hxg6 fxg6 16. g4 b5 17. Nd5 Nxd5 18. exd5 Be5 19. f4 Bxd4 20. Bxd4 Bxg4 21.
Rdg1 Bf5 22. c3 b4 23. b3 Rxc3+ 24. Bxc3 bxc3 25. Qh2 Rf7 26. Rg5 Qc5 27. Rg3
Qa3+ 28. Kd1 c2+ 0-1

[Event "I Festival Spiaggia di Velluto A"]
[Site "Senigallia ITA"]
[Date "2010.07.26"]
[Round "2"]
[White "Pescatore, Lorenzo"]
[Black "Belezky, Alexander"]
[Result "0-1"]
[WhiteElo "1980"]
[BlackElo "2440"]
[PlyCount "62"]
[EventDate "2010.07.26"]

1. e4 c5 2. Nc3 g6 3. f4 Bg7 4. Nf3 d6 5. Bb5+ Bd7 6. Bxd7+ Qxd7 7. O-O Nc6 8.
d3 e6 9. Qe1 Nge7 10. Kh1 Nd4 11. Qf2 Nec6 12. Be3 O-O 13. Nd1 b5 14. c3 Nxf3
15. Qxf3 f5 16. exf5 gxf5 17. Nf2 b4 18. Bd2 Rab8 19. Rab1 Rb6 20. g4 Rfb8 21.
gxf5 exf5 22. Rg1 Kh8 23. cxb4 Nxb4 24. Rxg7 Kxg7 25. Rg1+ Kf8 26. Qh5 d5 27.
Nh3 R8b7 28. d4 Qf7 29. Qg5 Rg6 30. Qd8+ Qe8 31. Qh4 Qe4+ 0-1